UM Logo

The Contribution of the Commercial Banks to Economic Development in Digos City/ (Record no. 7378)

MARC details
000 -LEADER
fixed length control field 00647nam a22001577a 4500
008 - FIXED-LENGTH DATA ELEMENTS--GENERAL INFORMATION
fixed length control field 170823b xxu||||| |||| 00| 0 eng d
082 ## - DEWEY DECIMAL CLASSIFICATION NUMBER
Edition number 2017
Classification number UT 0858
Item number So42
100 ## - MAIN ENTRY--PERSONAL NAME
9 (RLIN) 22420
Personal name Solatorio, Christine Joy S.
245 ## - TITLE STATEMENT
Title The Contribution of the Commercial Banks to Economic Development in Digos City/
Statement of responsibility, etc. Christine Joy S. Solatorio, Ina Faye Boraquit and Nerra Mae Llamas.
260 ## - PUBLICATION, DISTRIBUTION, ETC. (IMPRINT)
Place of publication, distribution, etc. Digos City:
Name of publisher, distributor, etc. UMDC
Date of publication, distribution, etc. January 2017.
300 ## - PHYSICAL DESCRIPTION
Extent 53 pages;
Dimensions 30 cm.
650 #0 - SUBJECT ADDED ENTRY--TOPICAL TERM
9 (RLIN) 22421
Topical term or geographic name as entry element Business Administration
Form subdivision Financial Management
General subdivision Undergraduate thesis.
700 ## - ADDED ENTRY--PERSONAL NAME
9 (RLIN) 22422
Personal name Boraquit, Ina Faye.
700 ## - ADDED ENTRY--PERSONAL NAME
9 (RLIN) 22423
Personal name Llamas, Nerra Mae.
942 ## - ADDED ENTRY ELEMENTS (KOHA)
Source of classification or shelving scheme Dewey Decimal Classification
Koha item type Undergraduate Thesis
Holdings
Withdrawn status Lost status Source of classification or shelving scheme Damaged status Not for loan Collection code Home library Current library Date acquired Total Checkouts Full call number Barcode Date last seen Copy number Price effective from Koha item type
    Dewey Decimal Classification     Undergraduate Theses UM Digos College - LIC UM Digos College - LIC 06/20/2017   UT 0858 So42 UT0858 08/23/2017 1 08/23/2017 Undergraduate Thesis